| 000 | 01330nam a2200253 i 4500 | ||
|---|---|---|---|
| 001 | 128623 | ||
| 003 | BJBSDDR | ||
| 005 | 20250901094527.0 | ||
| 008 | 180117b ilua 000 0 eng | ||
| 020 | _a9781781572399 | ||
| 020 | _a1781572399 | ||
| 040 |
_aDLC _cDLC |
||
| 041 | 0 | _aeng | |
| 050 | 1 | 4 | _bH838g 2015 |
| 082 | _a006.7 | ||
| 100 | 1 |
_aHoughton, Robin _944680 |
|
| 245 | 0 | 0 |
_aThe golden rules of blogging : _b(& when to break them) / _cRobin Houghton. |
| 260 |
_aLewes : _bILEX, _c2015. |
||
| 300 |
_a128 p. : _bill. ; _c21 cm. |
||
| 520 | _aDo you really need to post every day to make your blog a success? Is it true you should never steal stuff? Can anyone make money from a blog? Blogging hasnt been around for ever, and yet any blogger will tell you there are rules what to do, what not to do, the facts. But where did they come from? And should we be breaking them? Designed for bloggers of all levels of experience, this book takes a hard look at twenty-eight of the blogospheres golden rules and shows you when, why and how to break them. Illustrated with real-life Blogger Stories and examples plus Expert Comments from those who've learned the hard way, this book will give you a fresh perspective on blogging. Out with the rules? You decide! | ||
| 650 | 0 | _aBlogs. | |
| 942 |
_2lcc _cBK |
||
| 946 | _ilmm | ||
| 999 |
_c96627 _d96627 |
||